logo

Bir Sreshtho Munshi Abdur Rouf Library
Jhenaidah Cadet College

The Oxford dictionary of English proverbs / (Record no. 9702)

MARC details
000 -LEADER
fixed length control field 00726cam a2200253 4500
001 - CONTROL NUMBER
JCCL Control Number 9702
003 - CONTROL NUMBER IDENTIFIER
JCCL marc code BD-JhCC
005 - DATE AND TIME OF LATEST TRANSACTION
control field 20180322170759.0
008 - FIXED-LENGTH DATA ELEMENTS--GENERAL INFORMATION
fixed length control field 180322s1948 enk bd 000 0 eng
035 ## - SYSTEM CONTROL NUMBER
system control number (BD-JhCC)9702
040 ## - CATALOGING SOURCE
Original cataloging agency DLC
Transcribing agency DLC
Modifying agency DLC
-- BD-JhCC
041 ## - LANGUAGE CODE
Language code of Book eng
050 00 - LIBRARY OF CONGRESS CALL NUMBER
Classification number PN6421
Item number .S6 1948
082 00 - DEWEY DECIMAL CLASSIFICATION NUMBER
Classification number 398.9
Author mark and Year SMI 1948
100 1# - MAIN ENTRY--PERSONAL NAME
Personal name Smith, William George.
245 14 - TITLE STATEMENT
Title The Oxford dictionary of English proverbs /
Statement of responsibility, etc With an introd. by Janet E. Heseltine.
250 ## - EDITION STATEMENT
Edition statement 2d ed., rev. throughout
260 ## - PUBLICATION, DISTRIBUTION, ETC. (IMPRINT)
Place of publication, distribution, etc Oxford :
Name of publisher, distributor, etc Clarendon Press,
Date of publication, distribution, etc 1948.
300 ## - PHYSICAL DESCRIPTION
Pagination xxxi, 740 p.
Dimensions 24 cm.
650 #0 - SUBJECT ADDED ENTRY--TOPICAL TERM
Topical term or geographic name as entry element Proverbs, English.
700 1# - ADDED ENTRY--PERSONAL NAME
Personal name Harvey, Paul,
Titles and other words associated with a name Sir,
Dates associated with a name 1869-1948,
942 ## - ADDED ENTRY ELEMENTS (KOHA)
Source of classification or shelving scheme Dewey Decimal Classification
Koha item type Books
Holdings
Source of classification or shelving scheme Damaged status Not for loan Home library Current library Shelving location Total Checkouts Full call number Barcode Date last seen Copy number Koha item type
Dewey Decimal Classification     JCC Rouf Library JCC Rouf Library General Stacks   398.9 SMI 1948 12950 03/22/2018 C - 1 Books

JCC Library | Contacts | JCC Home

Last Update on 23 September 2017
Copyright @ 2017-2020 JCC Rouf Library
Rouf Library, Jhenidah Cadet College (JCC), Bangladesh